Economía / (Registro nro. 5759)

Detalles MARC
000 -LEADER
fixed length control field 01325nam a2200313Ia 4500
003 - CONTROL NUMBER IDENTIFIER
control field OSt
005 - DATE AND TIME OF LATEST TRANSACTION
control field 20200527125551.0
008 - FIXED-LENGTH DATA ELEMENTS--GENERAL INFORMATION
fixed length control field 191128t1993 spa fr 000 0 spa d
020 ## - INTERNATIONAL STANDARD BOOK NUMBER
International Standard Book Number 8448101375
040 ## - CATALOGING SOURCE
Original cataloging agency CO-JMCR
Transcribing agency CO-JMCR
041 1# - LANGUAGE CODE
Language code of text/sound track or separate title spa
Language code of original eng
082 04 - DEWEY DECIMAL CLASSIFICATION NUMBER
Classification number 330 /
Item number S187e
Edition number 23
100 1# - MAIN ENTRY--PERSONAL NAME
Personal name Samuelson, Paul A.,
Relator term autor
9 (RLIN) 1065
245 10 - TITLE STATEMENT
Title Economía /
Statement of responsibility, etc. Paul A. Samuelson y William D. Nordhaus ; traducción Esther Rabasco, Luis Toharia ; revisores técnicos F. Javier Escriba Pérez
250 ## - EDITION STATEMENT
Edition statement Decimocuarta edición
260 ## - PUBLICATION, DISTRIBUTION, ETC.
Place of publication, distribution, etc. Madrid :
Name of publisher, distributor, etc. McGraw-Hill,
Date of publication, distribution, etc. ©1993
300 ## - PHYSICAL DESCRIPTION
Extent xlviii, 951 páginas ;
Dimensions 23 cm.
505 0# - FORMATTED CONTENTS NOTE
Formatted contents note Conceptos básicos -- La microeconomía: la oferta, la demanda y los mercados de productos -- Los salarios, los alquileres y los beneficios -- La distribución de la renta -- La eficiencia, la equidad y el estado -- Conceptos fundamentales de macroeconomía
534 ## - ORIGINAL VERSION NOTE
Introductory phrase Economics
546 ## - LANGUAGE NOTE
Language note Traducido del inglés
650 14 - SUBJECT ADDED ENTRY--TOPICAL TERM
Topical term or geographic name entry element Economía
9 (RLIN) 4734
650 14 - SUBJECT ADDED ENTRY--TOPICAL TERM
Topical term or geographic name entry element Macroeconomía
9 (RLIN) 4735
650 14 - SUBJECT ADDED ENTRY--TOPICAL TERM
Topical term or geographic name entry element Microeconomía
9 (RLIN) 4736
700 1# - ADDED ENTRY--PERSONAL NAME
Personal name Nordhaus, William D.,
Relator term autor
9 (RLIN) 1070
700 1# - ADDED ENTRY--PERSONAL NAME
Personal name Rabasco Espariz, María Esther,
Relator term traductora
9 (RLIN) 4737
700 1# - ADDED ENTRY--PERSONAL NAME
Personal name Toharia, Luis,
Relator term traductor
9 (RLIN) 4738
700 1# - ADDED ENTRY--PERSONAL NAME
Personal name Escriba Pérez, F. Javier ,
Relator term revisor
9 (RLIN) 4739
942 ## - ADDED ENTRY ELEMENTS (KOHA)
Source of classification or shelving scheme Dewey Decimal Classification
Koha item type Books
Existencias
Withdrawn status Lost status Source of classification or shelving scheme Damaged status Not for loan Collection code Home library Current library Date acquired Source of acquisition Cost, normal purchase price Total Checkouts Full call number Barcode Date last seen Copy number Koha item type
    Dewey Decimal Classification     Non-fiction Biblioteca Pública José María del Castillo y Rada Biblioteca Pública José María del Castillo y Rada 04/15/2018 Donación 0.00   330 / S187e 430004150 05/16/2024 Ej.1 Books